LEADER 03465nam 2200625Ia 450 001 9910459377203321 005 20200520144314.0 010 $a1-282-42395-9 010 $a9786612423956 010 $a0-8032-2688-8 035 $a(CKB)2670000000008997 035 $a(EBL)471740 035 $a(OCoLC)593239981 035 $a(SSID)ssj0000344237 035 $a(PQKBManifestationID)11304839 035 $a(PQKBTitleCode)TC0000344237 035 $a(PQKBWorkID)10307095 035 $a(PQKB)10582372 035 $a(MiAaPQ)EBC471740 035 $a(MdBmJHUP)muse11934 035 $a(Au-PeEL)EBL471740 035 $a(CaPaEBR)ebr10347323 035 $a(CaONFJC)MIL242395 035 $a(EXLCZ)992670000000008997 100 $a20090616d2009 uy 0 101 0 $aeng 135 $aur|n|---||||| 181 $ctxt 182 $cc 183 $acr 200 10$aViolence in Francophone African and Caribbean women's literature$b[electronic resource] /$fChantal Kalisa 210 $aLincoln $cUniversity of Nebraska Press$d2009 215 $a1 online resource (236 p.) 300 $aDescription based upon print version of record. 311 $a0-8032-1102-3 320 $aIncludes bibliographical references and index. 327 $aTitle page; Copyright page; Table of Contents; Acknowledgments; Introduction: Geographies of Pain; 1. Exclusion as Violence: Frantz Fanon, Black Women, and Colonial Violence; 2. Representing Colonial Violence: Miche?le Lacrosil's Cajou, Ken Bugul's Le baobab fou, and Ousmane Sembe?ne's La noire de . . .; 3. Writing Familial Violence: Storytelling and Intergenerational Violence in Simone Schwarz-Bart'sPluie et vent sur Te?lume?e Miracle and Calixthe Beyala's Tu t' appelleras Tanga 327 $a4. Sites of Violence: Language, the Body, and Women's Deterritorialization in Gise?le Pineau's L'espe?rance-macadam and Calixthe Beyala's C'est le soleil qui m'a bru?le?e5. War and Political Violence: Nadine Bari's, Edwidge Danticat's, and Monique Ilboudo's Literary Responses to Gender and Conflict; Conclusion; Notes; Works Cited; Index 330 $aChantal Kalisa examines the ways in which women writers lift taboos imposed on them by their society and culture and challenge readers with their unique perspectives on violence. Comparing women from different places and times, Kalisa treats types of violence such as colonial, familial, linguistic, and war-related, specifically linked to dictatorship and genocide. She examines Caribbean writers Michele Lacrosil, Simone Schwartz-Bart, Gise?le Pineau, and Edwidge Danticat, and Africans Ken Begul, Calixthe Beyala, Nadine Bar, and Monique Ilboudo. She also includes Sembe?ne Ousmane and Frantz Fanon 606 $aAfrican literature (French)$xWomen authors$xHistory and criticism 606 $aCaribbean literature (French)$xWomen authors$xHistory and criticism 606 $aViolence in literature 608 $aElectronic books. 615 0$aAfrican literature (French)$xWomen authors$xHistory and criticism. 615 0$aCaribbean literature (French)$xWomen authors$xHistory and criticism. 615 0$aViolence in literature. 676 $a840.9/9287 700 $aKalisa$b Chantal$01030772 801 0$bMiAaPQ 801 1$bMiAaPQ 801 2$bMiAaPQ 906 $aBOOK 912 $a9910459377203321 996 $aViolence in Francophone African and Caribbean women's literature$92447837 997 $aUNINA LEADER 00981nam0 22002411i 450 001 UON00091809 005 20231205102514.295 100 $a20020107d1956 |0itac50 ba 101 $amul 102 $aNL 105 $a|||| ||||| 200 1 $aAbhandlungen zur griechischen Geschichtschreibung$eF. Jacoby, zu seinem achtzigsten Geburtstag am 19. Marz 1956$fherausgegeben von H. Bloch 210 $aLeiden$cBrill$d1956 xi,448 p. ; 24 cm 620 $aNL$dLeiden$3UONL003056 686 $aA2$cSTORIA DELLA STORIOGRAFIA$2A 702 1$aJACOBY$bFelix$3UONV059124 712 $aBrill$3UONV245886$4650 801 $aIT$bSOL$c20240220$gRICA 899 $aSIBA - SISTEMA BIBLIOTECARIO DI ATENEO$2UONSI 912 $aUON00091809 950 $aSIBA - SISTEMA BIBLIOTECARIO DI ATENEO$dSI A 2 006 $eSI MC 93 5 996 $aAbhandlungen zur griechischen Geschichtschreibung$91304034 997 $aUNIOR LEADER 04468nam 22005775 450 001 9910873922003321 005 20241212213825.0 010 $a9783800756575 010 $a3800756579 035 $a(CKB)4100000012458371 035 $a61bb5383-6d10-44d0-a79b-6c70b0dd2d03 035 $a(EXLCZ)994100000012458371 100 $a20211203d2021 ||| | 101 0 $ager 135 $auruuu---uuuuu 181 $ctxt$2rdacontent 182 $cc$2rdamedia 183 $acr$2rdacarrier 200 10$aMikroSystemTechnik Kongress 2021 $eMikroelektronik / Mikrosystemtechnik und ihre Anwendungen Innovative Produkte für zukunftsfähige Märkte 08. ? 10. November 2021, Stuttgart-Ludwigsburg 205 $aNeuerscheinung 210 31$aBerlin$cVDE Verlag$d2021 215 $aOnline-Ressource (761 S.) 300 $aPublicationDate: 20211203 311 08$a9783800756568 311 08$a3800756560 330 $aLong description: Mikroelektronik und Mikrosystemtechnik sind die Schlüsseltechnologien unserer Wirtschaftsbranchen, die es zu sichern und weiterzuentwickeln gilt. Dazu bedarf es nicht nur erfolgreicher, großer und mittelständischer Industrieunternehmen, sondern auch spezialisierter und auf ihren Fachgebieten international führender Forschungsinstitute, exzellenter Ausbildungen an Universitäten und Hochschulen sowie gezielter und nachhaltiger Förderung durch die öffentliche Hand. Der MikroSystemTechnik Kongress ist seit jeher die größte nationale Fachkonferenz in der Mikroelektronik und Mikrosystemtechnik, die diese Stakeholders in einen regen Austausch bringt ? mit dem Ziel, den nationalen Stand der Technik zu beleuchten und zukünftige Bedarfe und Initiativen abzustimmen und auf den Weg zu bringen. So soll es auch im Konferenzjahr 2021 wieder sein ? mehr noch, in Ludwigsburg wollen wir nach der aus der Corona Pandemie 2020 verursachten Wirtschaftskrise aufzeigen, wie bedeutsam diese Schlüsseltechnologien für unsere Wirtschaftskraft und unser Gemeinwohl sind und welche Zukunftschancen sie bieten. Wir heißen Sie hierzu herzlich willkommen in Ludwigsburg bei Stuttgart, der Hauptstadt des Landes Baden-Württemberg. Im Großraum Stuttgart haben nicht nur Weltmarktführer der Mikrosystemtechnik und des halbleitertechnischen Gerätebaus ihren Sitz, sondern hier sind vor allem auch viele der international führenden mittelständischen Unternehmen ansässig. Viele dieser Akteure engagieren sich im Netzwerk MicroTEC Südwest e.V., das sich in den Jahren 2010-2015 im Rahmen der BMBF Spitzencluster Förderung etablieren konnte. Profitieren auch Sie von einem intensiven Austausch mit Wissenschaftlern und Ingenieuren aller Erfahrungsstufen aus den erfolgreichen Unternehmen und den exzellenten Forschungseinrichtungen in der Mikroelektronik und der Mikrosystemtechnik in Deutschland ebenso wie mit Vertretern der involvierten Ministerien des Bundes und des Landes. Viele der Schwerpunkte aus 2019 setzen sich 2021 fort. Die Digitalisierung erhält nach der Corona Krise 2020 einen noch höheren Stellenwert bei dezentralen Arbeitsprozessen und bei der Weiterentwicklung der Megathemen Internet der Dinge (Internet of Things), Industrie 4.0 und Künstliche Intelligenz (KI). Die Photonik und die optischen Technologien führen dabei nicht nur zu einer dramatischen Erhöhung der verfügbaren Datenraten, sondern sie ermöglichen zudem neue Anwendungen in der Mikrosystemtechnik von der Sensorik/Aktorik bis hin zu den Quantentechnologien. Die Medizintechnik profitiert ebenfalls maßgeblich von den Fortschritten in der Mikrosystemtechnik durch die Entwicklung neuer Lösungen in der Diagnostik, Point-of-Care und bei Implantaten. 606 $aMikrosystemtechnik 606 $aSensoren 606 $aInternet der Dinge 606 $aMikroelektronik 606 $aMikrofluidik 606 $aIndustrie 4.0 606 $aElektroniksystem 606 $aMikro-Nano-Integration 606 $aMEMS-MOEMS 606 $aMikroaktorik 615 00$aMikrosystemtechnik 615 00$aSensoren 615 00$aInternet der Dinge 615 00$aMikroelektronik 615 00$aMikrofluidik 615 00$aIndustrie 4.0 615 00$aElektroniksystem 615 00$aMikro-Nano-Integration 615 00$aMEMS-MOEMS 615 00$aMikroaktorik 702 $aVDE e. V$4edt 906 $aPROCEEDING 912 $a9910873922003321 996 $aMikroSystemTechnik Kongress 2021$93884028 997 $aUNINA